[Event "AUTO-OPEN-4595"]
[Site "http://www.queenalice.com/game.php?id=1857577"]
[Date "2025.5.19"]
[Round "1"]
[White "MarcosT"]
[Black "pariolinius"]
[Result "1/2-1/2"]
[WhiteElo "2079"]
[BlackElo "2061"]

1. d4 Nf6 2. e3 e6 3. Nd2 b6 4. Bd3 Bb7 5. Ngf3 Be7 6. O-O Nc6 7. c3 O-O 8. Ne1
d5 9. f4 a5 10. Nef3 Ng4 11. Ne5 Nxe3 12. Qh5 g6 13. Nxg6 hxg6 14. Bxg6 fxg6 15.
Qxg6+ Kh8 16. Rf3 Nf5 17. Rh3+ Nh4 18. Nf3 Rf7 19. Ng5 Bxg5 20. fxg5 Rh7 21.
Qxe6 Nxd4 22. Qe5+ Kg8 23. Qxd4 Qe7 24. Bd2 Bc8 25. Rxh4 Be6 26. Kh1 c5 27. Qf4
Rf8 28. Qg3 Qg7 29. Bf4 Rxh4 30. Qxh4 Qg6 31. Be5 Kf7 32. Rf1+ Ke8 33. Rxf8+
Kxf8 34. Qh8+ Kf7 35. h4 Bd7 36. Kh2 a4 37. Bf6 Bg4 38. a3 Bh5 39. Be5 b5 40.
Qd8 Qe6 41. Bd6 Kg6 42. Bxc5 Qe5+ 43. Kh1 Qe1+ 44. Bg1 Qxh4+ 45. Bh2 Qe1+ 46.
Bg1 Qh4+ 47. Bh2 Qe1+ 48. Bg1 Qh4+ 1/2-1/2

[Event "Challenge"]
[Site "http://www.queenalice.com/game.php?id=1858108"]
[Date "2025.6.1"]
[Round "-"]
[White "jogo"]
[Black "pariolinius"]
[Result "0-1"]
[WhiteElo "1841"]
[BlackElo "2021"]

1. e4 e6 2. d4 d5 3. e5 c5 4. c3 Nc6 5. Nf3 Bd7 6. b3 Rc8 7. Be3 Qb6 8. Be2 Nge7
9. dxc5 Qc7 10. Bd4 Nxd4 11. cxd4 Nf5 12. Nbd2 a5 13. g4 Nxd4 14. Nxd4 Bxc5 15.
N4f3 O-O 16. Rc1 Qb6 17. O-O Bb5 18. Bxb5 Qxb5 19. a4 Qd7 20. Ne1 Qe7 21. Nd3
Ba7 22. Rxc8 Rxc8 23. Kh1 Rc3 24. Nb1 Rc8 25. Qd2 Qh4 26. f3 h5 27. gxh5 Qxh5
28. Nf4 Qxe5 29. Re1 Qf5 30. Rc1 e5 31. Rxc8+ Qxc8 32. Nxd5 Qd8 33. Nbc3 Qh4 34.
Ne4 Bd4 35. Ng3 Qd8 0-1

[Event "Challenge"]
[Site "http://www.queenalice.com/game.php?id=1858676"]
[Date "2025.6.12"]
[Round "-"]
[White "jogo"]
[Black "pariolinius"]
[Result "0-1"]
[WhiteElo "1817"]
[BlackElo "2030"]

1. e4 e6 2. d4 d5 3. e5 b6 4. Bb5+ c6 5. Bd3 c5 6. Bb5+ Bd7 7. Bxd7+ Qxd7 8. Be3
Nc6 9. Ne2 Rc8 10. f4 Nge7 11. dxc5 Nf5 12. Bf2 bxc5 13. g4 Nfd4 14. Nxd4 cxd4
15. Bxd4 Nxd4 16. Qxd4 Rxc2 17. Nd2 Bc5 18. Qd3 Rxb2 19. Rc1 Bb6 20. Rc2 Rxc2
21. Qxc2 O-O 22. Ke2 Rc8 23. Qb2 Qc6 24. a3 d4 25. Qb1 Rd8 26. Nb3 d3+ 27. Kd2
Qg2+ 28. Kc3 Qxg4 0-1

[Event "Challenge"]
[Site "http://www.queenalice.com/game.php?id=1858677"]
[Date "2025.6.12"]
[Round "-"]
[White "pariolinius"]
[Black "jogo"]
[Result "1-0"]
[WhiteElo "2051"]
[BlackElo "1894"]

1. d4 Nf6 2. c4 e6 3. Nc3 Bb4 4. Qc2 O-O 5. a3 Bxc3+ 6. Qxc3 d6 7. Bg5 h6 8. Bh4
g5 9. Bg3 Ne4 10. Qc2 Nxg3 11. hxg3 Kg7 12. Nf3 b6 13. e3 g4 14. Qe4 d5 15.
Qxg4+ Kh8 16. Rxh6# 1-0

[Event "Challenge"]
[Site "http://www.queenalice.com/game.php?id=1858775"]
[Date "2025.6.13"]
[Round "-"]
[White "pariolinius"]
[Black "jogo"]
[Result "1-0"]
[WhiteElo "2037"]
[BlackElo "1810"]

1. c4 e5 2. Nc3 Nf6 3. Nf3 e4 4. Ng5 d5 5. e3 h6 6. Nh3 dxc4 7. Bxc4 c6 8. b3 b5
9. Be2 b4 10. Na4 Ba6 11. Nf4 Bxe2 12. Qxe2 g5 13. Nh5 Nxh5 14. Qxh5 Bg7 15. Bb2
Bxb2 16. Nxb2 O-O 17. Qxh6 f6 18. Qg6+ Kh8 19. Qxe4 a5 20. O-O Re8 21. Qg6 Qe7
22. Nc4 1-0

[Event "Challenge"]
[Site "http://www.queenalice.com/game.php?id=1859893"]
[Date "2025.7.14"]
[Round "-"]
[White "JJerzy"]
[Black "pariolinius"]
[Result "1-0"]
[WhiteElo "2304"]
[BlackElo "2029"]

1. d4 Nf6 2. c4 c5 3. dxc5 e6 4. Be3 Nc6 5. Nc3 Be7 6. Nf3 O-O 7. g3 Ng4 8. Bd4
Nxd4 9. Qxd4 Nf6 10. Bg2 Qa5 11. O-O Bxc5 12. Qd2 Qc7 13. a3 a6 14. e3 b6 15.
Rfd1 Rd8 16. Qc2 Bb7 17. e4 e5 18. Rd2 Bd6 19. Rad1 Bc5 20. Nh4 Bd4 21. Ne2 Qc5
22. Nxd4 exd4 23. Rxd4 Bc6 24. Nf5 Ra7 25. Rd6 Kf8 26. b4 Qe5 27. Rxc6 a5 28.
Rxb6 axb4 29. axb4 Ra1 30. Rd6 Rxd1+ 31. Rxd1 Ra8 32. f4 1-0

[Event "Challenge"]
[Site "http://www.queenalice.com/game.php?id=1859894"]
[Date "2025.7.14"]
[Round "-"]
[White "pariolinius"]
[Black "JJerzy"]
[Result "0-1"]
[WhiteElo "2034"]
[BlackElo "2300"]

1. d4 d5 2. c4 e6 3. Nc3 Nf6 4. Bg5 Nbd7 5. g3 c6 6. Bg2 Bd6 7. Nf3 h6 8. Bd2
O-O 9. c5 Bc7 10. O-O e5 11. e3 e4 12. Ne1 Re8 13. f3 Qe7 14. fxe4 Nxe4 15. Nxe4
dxe4 16. Qg4 Nxc5 17. Qe2 Nd7 18. a3 Nf6 19. Bb4 Bd6 20. Nc2 a5 21. Bxd6 Qxd6
22. Rac1 Nh7 23. Qc4 Qd5 24. Qxd5 cxd5 25. b4 b6 26. b5 Bd7 27. a4 Rac8 28. Na3
Rxc1 29. Rxc1 Rc8 30. Rxc8+ Bxc8 31. Nb1 Be6 32. Nc3 Nf6 33. Kf2 Ng4+ 0-1

[Event "AUTO-OPEN-4609"]
[Site "http://www.queenalice.com/game.php?id=1861499"]
[Date "2025.8.12"]
[Round "1"]
[White "Capixaba789"]
[Black "pariolinius"]
[Result "1-0"]
[WhiteElo "1972"]
[BlackElo "2053"]

1. d4 Nf6 2. Nc3 e6 3. e4 d5 4. e5 Nfd7 5. f4 c5 6. Nf3 Nc6 7. Be2 b6 8. O-O Be7
9. Be3 f6 10. a3 a5 11. Kh1 f5 12. Ng5 O-O 13. Nxe6 Qe8 14. Nxf8 1-0

[Event "AUTO-OPEN-4609"]
[Site "http://www.queenalice.com/game.php?id=1861500"]
[Date "2025.8.12"]
[Round "1"]
[White "pariolinius"]
[Black "Capixaba789"]
[Result "1-0"]
[WhiteElo "2027"]
[BlackElo "1863"]

1. d4 d5 2. Nf3 Nf6 3. e3 e6 4. Bd3 Be7 5. Nbd2 c6 6. b3 Nbd7 7. O-O Bd6 8. Bb2
O-O 9. e4 dxe4 10. Nxe4 Nxe4 11. Bxe4 f5 12. Bd3 Nf6 13. Re1 Kh8 14. h3 Bd7 15.
Ne5 Nd5 16. a3 Nf4 17. c4 Be8 18. Bc2 Qh4 19. g3 Nxh3+ 20. Kg2 Qh6 21. Rh1 Nf4+
22. gxf4 Qf6 23. Nd3 Qe7 24. Qf3 Bg6 25. Ne5 Bxe5 26. dxe5 Rad8 27. Qg3 Kg8 28.
Rhd1 Rxd1 29. Rxd1 Kh8 30. Qg5 Qe8 31. Rd6 a6 32. Bd1 Qf7 33. Rd8 Kg8 34. Bc3
Qc7 35. Rd6 c5 36. Rxe6 Qd7 37. Rd6 Qc7 38. Bf3 1-0

[Event "AUTO-OPEN-4609"]
[Site "http://www.queenalice.com/game.php?id=1861523"]
[Date "2025.8.12"]
[Round "1"]
[White "WoodpusherKid"]
[Black "pariolinius"]
[Result "1-0"]
[WhiteElo "2481"]
[BlackElo "2036"]

1. e4 e6 2. Nc3 b6 3. d4 Bb7 4. Bd3 Nf6 5. h4 Bb4 6. e5 Bxc3+ 7. bxc3 Nd5 8. Bg5
f6 9. Qh5+ g6 10. Bxg6+ Ke7 11. exf6+ Nxf6 12. Bxf6+ Kxf6 13. Bxh7 Ke7 14. Qg5+
Kf7 15. Bg6+ Kg7 16. Qxd8 Rxd8 17. h5 Bxg2 18. Rh4 Bd5 19. Rf4 Kg8 20. h6 e5 21.
dxe5 Nc6 22. Be4 Bxe4 23. Rxe4 Re8 24. O-O-O Rxe5 25. Rg4+ Kh8 26. Rxd7 Re1+ 27.
Kd2 Ne5 28. Kxe1 Nxg4 29. Rxc7 Nxh6 30. Nf3 Ng4 31. Nd4 Re8+ 32. Kf1 Nf6 33.
Rxa7 Ne4 34. Ne2 Nd2+ 35. Ke1 Nf3+ 36. Kd1 Rd8+ 37. Nd4 Ne5 38. Re7 Nc4 39. Rc7
Nb2+ 40. Kc1 Na4 41. Ne6 1-0

[Event "AUTO-OPEN-4609"]
[Site "http://www.queenalice.com/game.php?id=1861524"]
[Date "2025.8.12"]
[Round "1"]
[White "pariolinius"]
[Black "WoodpusherKid"]
[Result "0-1"]
[WhiteElo "2024"]
[BlackElo "2463"]

1. d4 d5 2. c4 c6 3. Nf3 Nf6 4. Nc3 e6 5. g3 dxc4 6. Bg2 b5 7. a3 Be7 8. O-O O-O
9. Ne5 Nd5 10. Ne4 a5 11. Nc3 f6 12. Nf3 Nxc3 13. bxc3 Nd7 14. e4 Nb6 15. Qc2
Bd7 16. Be3 Na4 17. Rfd1 Qc7 18. d5 Bc5 19. Bxc5 Nxc5 20. Nd4 Rae8 21. Rab1 Rb8
22. dxc6 Bxc6 23. Nxc6 Qxc6 24. e5 Qc7 25. exf6 Rxf6 26. Rd4 Nd3 27. f4 e5 28.
fxe5 Qxe5 29. Re4 Qc5+ 30. Rd4 Re8 0-1

[Event "AUTO-OPEN-4609"]
[Site "http://www.queenalice.com/game.php?id=1861539"]
[Date "2025.8.12"]
[Round "1"]
[White "pariolinius"]
[Black "JoseMessias"]
[Result "1-0"]
[WhiteElo "2034"]
[BlackElo "1715"]

1. d4 d5 2. Nf3 Bg4 3. Nbd2 Bxf3 4. Nxf3 e6 5. e3 c6 6. Bd3 c5 7. b3 cxd4 8.
Nxd4 Bb4+ 9. Bd2 Bxd2+ 10. Qxd2 a5 11. e4 e5 12. Nf3 dxe4 13. Bxe4 Qxd2+ 14.
Nxd2 Nc6 15. Nc4 Nf6 16. Bxc6+ bxc6 17. O-O-O O-O 18. Nxe5 c5 19. f3 Nh5 20. Nd7
Rfd8 21. Nxc5 Rxd1+ 22. Rxd1 Nf4 23. g3 Ne2+ 24. Kb2 h6 25. a4 Rc8 26. Nb7 Nc3
27. Rd3 Rc7 28. Nxa5 Rc5 29. Rxc3 Rxa5 30. Ka3 g5 31. b4 Ra8 32. b5 f5 33. Kb4
h5 34. Rc5 Rf8 35. a5 g4 36. f4 Re8 37. Re5 Rf8 38. a6 Rc8 39. c3 Rd8 40. b6 Rd6
41. Kb5 h4 42. a7 hxg3 43. hxg3 Rd1 44. a8=Q+ Kf7 45. Qa7+ 1-0

[Event "AUTO-OPEN-4609"]
[Site "http://www.queenalice.com/game.php?id=1861540"]
[Date "2025.8.12"]
[Round "1"]
[White "JoseMessias"]
[Black "pariolinius"]
[Result "0-1"]
[WhiteElo "1746"]
[BlackElo "2022"]

1. g3 Nf6 2. Bg2 g6 3. Nf3 Bg7 4. Ng5 O-O 5. e4 d6 6. d4 Nbd7 7. h4 e5 8. dxe5
Nxe5 9. f4 Bg4 10. Qd2 Nc6 11. e5 dxe5 12. Bxc6 bxc6 13. fxe5 Nd5 14. c4 Ne3 15.
Nc3 Qxd2+ 16. Bxd2 Nc2+ 17. Kf2 Nxa1 18. Rxa1 Bxe5 19. b4 Rad8 20. Nce4 Bxa1 21.
Bf4 h6 22. Bxc7 Rc8 23. Bd6 Rfe8 24. Nf6+ Bxf6 25. a4 hxg5 26. hxg5 Bxg5 27. Bc5
a6 28. Bd4 Re4 29. Bb6 Rxc4 0-1

[Event "AUTO-OPEN-4576"]
[Site "http://www.queenalice.com/game.php?id=1863006"]
[Date "2025.9.14"]
[Round "2"]
[White "pariolinius"]
[Black "silverado"]
[Result "1-0"]
[WhiteElo "2037"]
[BlackElo "1952"]

1. d4 d5 2. Nc3 c6 3. e4 e6 4. f3 b5 5. Bd3 Na6 6. a3 Bb7 7. Nge2 dxe4 8. Nxe4
f6 9. Be3 f5 10. N4c3 Qe7 11. Qd2 Nf6 12. O-O-O Nd5 13. Nxd5 cxd5 14. g4 fxg4
15. fxg4 h6 16. Bxb5+ Kf7 17. Rdf1+ Kg8 18. h4 g6 19. Bd3 Qg7 20. Bf4 Rh7 21.
Be5 Qd7 22. Bxg6 Rc8 23. Nf4 Qc6 24. Bxh7+ Kxh7 25. Qd3+ Kg8 26. Qg6+ 1-0

[Event "AUTO-OPEN-4576"]
[Site "http://www.queenalice.com/game.php?id=1863007"]
[Date "2025.9.14"]
[Round "2"]
[White "silverado"]
[Black "pariolinius"]
[Result "1-0"]
[WhiteElo "2016"]
[BlackElo "2048"]

1. e4 c5 2. Nc3 Nc6 3. Nd5 a6 4. c3 e6 5. Qe2 exd5 6. exd5+ Be7 7. dxc6 bxc6 8.
b3 Nf6 9. d4 O-O 10. Be3 Nd5 11. Qd3 Nxe3 12. fxe3 d5 13. c4 Be6 14. dxc5 Bxc5
15. O-O-O g6 16. Qc3 a5 17. cxd5 Bb4 18. Qe5 cxd5 19. Bc4 Qe7 20. Bxd5 Qc5+ 21.
Kb1 a4 22. Nf3 Bf5+ 23. e4 Be6 24. Bxa8 Rxa8 25. Rc1 Qxe5 26. Nxe5 axb3 27. axb3
Bxb3 28. Rhf1 Be6 29. Rc2 Bb3 30. Rb2 Bc3 31. Rxb3 Bxe5 32. Rff3 Ra1+ 33. Kc2
Ra2+ 34. Kd3 Rxg2 35. h3 f6 36. Rb7 Ra2 37. Kc4 Rc2+ 38. Kd5 Rd2+ 39. Ke6 Rd6+
40. Ke7 Rc6 41. Rd3 1-0

[Event "AUTO-OPEN-4626"]
[Site "http://www.queenalice.com/game.php?id=1866073"]
[Date "2025.11.24"]
[Round "1"]
[White "pariolinius"]
[Black "Numberzero"]
[Result "1-0"]
[WhiteElo "1972"]
[BlackElo "766"]

1. e4 e5 2. Nc3 Nf6 3. g3 d5 4. exd5 Nxd5 5. Bg2 Nxc3 6. bxc3 c6 7. d3 Be7 8.
Ne2 O-O 9. O-O Bf5 10. c4 Nd7 11. Bb2 Bf6 12. Rb1 Rb8 13. Nc3 Re8 14. Ne4 Bxe4
15. Bxe4 Nc5 16. Bf5 Ne6 17. Qd2 Nd4 18. Bxd4 exd4 19. Rfe1 Rxe1+ 20. Rxe1 c5
21. a4 Bg5 22. Qe2 g6 23. Bh3 Kf8 24. Qe5 b6 25. Qh8# 1-0

[Event "AUTO-OPEN-4626"]
[Site "http://www.queenalice.com/game.php?id=1866078"]
[Date "2025.11.24"]
[Round "1"]
[White "dosoldini"]
[Black "pariolinius"]
[Result "0-1"]
[WhiteElo "1656"]
[BlackElo "1969"]

1. e4 c5 2. Bc4 e6 3. Nf3 Nc6 4. a3 Nf6 5. Nc3 a6 6. Qe2 Qc7 7. h3 Be7 8. O-O
O-O 9. d3 b5 10. e5 Nxe5 11. Bxb5 axb5 12. Bf4 Bd6 13. Bxe5 Ba6 14. d4 b4 15.
Ne4 Nxe4 16. Bxd6 Nxd6 0-1